The vision of ray: (Record no. 200462)

MARC details
000 -LEADER
fixed length control field 00586nam a22001937a 4500
005 - DATE AND TIME OF LATEST TRANSACTION
control field 20240301154438.0
010 ## - LCCN (DPL NO)
LC control number ENG-139100
020 ## - INTERNATIONAL STANDARD BOOK NUMBER
International Standard Book Number 9788189323004
Terms of availability 2000.00
035 ## - SYSTEM CONTROL NUMBER
System control number EN- 122632
037 ## - SOURCE OF ACQUISITION
Source of stock number/acquisition DBAD/PUB
082 ## - DEWEY DECIMAL CLASSIFICATION NUMBER
Classification number 741.6740954
100 ## - MAIN ENTRY--PERSONAL NAME
Personal name Ray, Satyajit
245 ## - TITLE STATEMENT
Title The vision of ray:
Remainder of title cine posters and beyond/
Statement of responsibility, etc By Satyajit Ray
260 ## - PUBLICATION, DISTRIBUTION, ETC. (IMPRINT)
Place of publication, distribution, etc Kolkata
Name of publisher, distributor, etc Pratikshan
270 ## - ADDRESS
Address 12B Beliaghata Road,
City Kolkata
Postal code 700015
300 ## - PHYSICAL DESCRIPTION
Extent 328p.
Dimensions 28 cm(Hb)
700 ## - ADDED ENTRY--PERSONAL NAME
Personal name Satyajit Ray & Sandip Ray
9 (RLIN) 61473
942 ## - ADDED ENTRY ELEMENTS (KOHA)
Source of classification or shelving scheme Dewey Decimal Classification
Item type English Books
Call number suffix RAY
Classification part 741.6740954
Holdings
Withdrawn status Lost status Not for loan Collection code Home library Current library Date acquired Source of acquisition Cost, normal purchase price Full call number Barcode Copy number Cost, replacement price Koha item type
    Not For Loan Reference Sarojini Nagar Sarojini Nagar 31/01/2024 DBAD/PUB 2000.00 RAY 741.6740954 EN-122632 1 2000.00 English Books

© Delhi Public Library
Hit Counter
free hit counter